Diseñar y enseñar: teoría y técnica de la programación y del proyecto docente

Saved in:
Bibliografiske detaljer
Hovedforfatter: Hernández Hernández, Pedro (Author)
Format: Bog
Sprog:spansk
Udgivet: Madrid Narcea 2001
Udgivelse:3a. ed
Serier:Educación Hoy. Estudios
Fag:
Tags: Tilføj Tag
Ingen Tags, Vær først til at tagge denne postø!

MARC

LEADER 00000nam a2200000 a 4500
001 UCL9556
003 CL-VaPUC
008 040813e20010000SP |||||||||||||||||spa|d
020 |a 8427708696 
082 0 4 |a 371.3  |b HER  |2 21 
100 |a Hernández Hernández, Pedro  |e author  |9 414491 
245 1 0 |a Diseñar y enseñar: teoría y técnica de la programación y del proyecto docente 
250 |a 3a. ed 
300 |a 350 p 
942 |c BK 
945 |d 20040813 00:00:00  |a cmena 
260 |a Madrid  |b Narcea  |c 2001 
650 0 |a Planificación de la educación   |9 307333 
650 0 |a Planificación del currículo  |9 269599 
650 0 |a Métodos de enseñanza  |9 270413 
650 0 |a Innovaciones pedagógicas  |9 307471 
583 |a last modification  |c 20040813 00:00:00  |k Rodrigo Vera 
490 0 |a Educación Hoy. Estudios 
999 |c 310306  |d 310304 
952 |0 0  |1 0  |4 0  |6 371_300000000000000_HER_2001  |7 0  |8 A  |9 378603  |a BIBEDU  |b BIBEDU  |d 2019-11-21  |i 4048199  |o 371.3 HER 2001  |p 4048199  |r 2019-11-21  |w 2019-11-21  |y BK  |k EPE